000 00271nam a2200121Ia 4500
008 190216s9999||||xx |||||||||||||| ||und||
100 _aBarnett Rich
245 0 _aElementary Algebra
250 _aFIRST
260 _bSchaum Pub: Co:
_c1960
300 _a295
942 _cBK
999 _c30452
_d30452